|
|
|
|
| LEADER |
00000nab a2200000 ar4500 |
| 001 |
vtls010084410 |
| 003 |
SK-MaSNL |
| 005 |
20260426071140.0 |
| 008 |
100413c2010 xo zr|p|||||||000 b|slo |
| 015 |
|
|
|a SNBRB2010/04
|2 snkbucl
|
| 038 |
|
|
|a SNKBUCL
|
| 040 |
|
|
|a SNKBUCL
|b slo
|c SNKBUCL
|e AACR2
|
| 041 |
0 |
|
|a slo
|
| 044 |
|
|
|a xo
|c SK
|
| 080 |
|
|
|a 336.226.112.1:336.225.621
|x (437.6)
|2 2001
|
| 080 |
|
|
|a 336.225.621
|x (437.6)
|2 2001
|
| 100 |
1 |
|
|a Lešková, Marta
|4 aut
|9 854407
|
| 245 |
1 |
0 |
|a Ročné zúčtovanie preddavkov na daň z príjmov zo závislej činnosti za rok 2009
|c Marta Lešková
|
| 300 |
|
|
|b Tab.
|
| 648 |
|
7 |
|a 2009
|2 snkbucl
|9 320114
|
| 650 |
0 |
7 |
|a daň z príjmov zo závislej činnosti
|2 snkbucl
|9 2122
|
| 650 |
0 |
7 |
|a preddavky
|x ročné zúčtovanie
|2 snkbucl
|9 1042621
|
| 651 |
|
7 |
|a Slovensko
|2 snkbucl
|9 14231
|
| 773 |
0 |
|
|t Daňový a účtovný poradca podnikateľa
|g Č. 6-7 (2010), s. 36-63
|x 1335-0897
|
| 852 |
|
|
|a SNK
|b KIS3GCP
|
| 958 |
|
|
|a SK
|
| 999 |
|
|
|c 2675482
|d 2677412
|